African Arab States - Statistics

General Stats
  • This quiz has been taken 118 times
    100 since last reset
  • The average score is 8 of 10
Answer Stats
Country % Correct
Egypt
98%
Algeria
97%
Morocco
94%
Sudan
94%
Tunisia
92%
Libya
91%
Mauritania
81%
Somalia
79%
Djibouti
64%
Comoros
48%
No matching quizzes found
Score Distribution
Percent of People with Each Score
Percentile by Number Answered
Your Score History
You have not taken this quiz since the last reset